| 000 | 00962cam a2200313 i 4500 | ||
|---|---|---|---|
| 001 | 200460134 | ||
| 003 | TR-AnTOB | ||
| 005 | 20240515142327.0 | ||
| 007 | ta | ||
| 008 | 160127s2003 tu r01 $$$$ tur utur d | ||
| 020 | _a9965915083 | ||
| 040 |
_aTR-AnTOB _beng _erda _cTR-AnTOB |
||
| 041 | 0 | _atur | |
| 050 | 1 | _aCS3050.K39 | |
| 090 |
_aCS3050.K39 _bJ36k 2003 |
||
| 100 |
_aJanuzaqov, T. J. _eauthor _911845 |
||
| 245 | 1 |
_aKazak isimleri / _chazırlayanlar T. Januzaqov, K. Esbayeva ; aktaran Aşur Özdemir. |
|
| 264 | 1 |
_aAlmatı : _bKazakistan Süleyman Demirel Üniversitesi, _c2003. |
|
| 300 |
_a54 pages ; _c20 cm |
||
| 336 |
_atext _btxt _2rdacontent |
||
| 337 |
_aunmediated _bn _2rdamedia |
||
| 338 |
_avolume _bnc _2rdacarrier |
||
| 504 | _aBIB | ||
| 650 | 7 |
_aİsimler, Türk _xKazak _2etuturkob _915131 |
|
| 700 | 1 |
_aEsbayeva, K. S. _eauthor _9145371 |
|
| 700 | 1 |
_aÖzdemir, Aşur _eeditor _9126680 |
|
| 942 |
_2lcc _cBK |
||
| 999 |
_c200460134 _d78346 |
||